| 000 | 00979cab a2200277 4500 | ||
|---|---|---|---|
| 001 | WB2837-45 | ||
| 008 | 090401t1992 xxu||||| |||| 00| 0 eng d | ||
| 035 | _a(Sirsi) u19321 | ||
| 041 | _aeng | ||
| 245 | _aAutomated bills of quantities | ||
| 260 | _c1992 | ||
| 350 | _a0 | ||
| 490 |
_aArchitects` Journal _v196(12) 23 September 1992, 7(1) |
||
| 520 | _aThe long-predicted process of automating bills of quantities has moved a stage nearer with the launch of a computer program which can condense two to three hours of measurement into five minutes of computing. Using AutoCAD, the program, Cadlink is an add-on to Calulix software. | ||
| 650 | _aAUTOCAD | ||
| 650 | _aBILLS OF QUANTITIES | ||
| 650 | _aCAD | ||
| 650 | _aCADLINK | ||
| 650 | _aCALCULIX QS | ||
| 650 | _aCOMPUTERS | ||
| 650 | _aQUANTITY SURVEYORS | ||
| 690 | _aMANAGEMENT-BUSINESS MANAGEMENT-INFORMATION MANAGEMENT | ||
| 690 |
_aQuantity surveying _96263 |
||
| 942 | _n0 | ||
| 948 | _c04/03/1997 | ||
| 999 |
_c12886 _d12886 |
||